[Event "Hessen-ch MT"]
[Site "Willingen"]
[Date "2001.04.13"]
[Round "10"]
[White "Marchio, Enrico"]
[Black "Mittendorf, Frank"]
[Result "1/2-1/2"]
[WhiteElo "2333"]
[BlackElo "2139"]
[PlyCount "99"]
[EventDate "2001.04.05"]
[EventType "tourn"]
[EventRounds "11"]
[EventCountry "GER"]
[SourceTitle "EXT 2002"]
[Source "ChessBase"]
[SourceDate "2001.11.25"]
[SourceVersion "1"]
[SourceVersionDate "2001.11.25"]
[SourceQuality "1"]

1. Nf3 d5 2. c4 c6 3. d4 e6 4. Nc3 Nd7 5. e4 dxe4 6. Nxe4 Ngf6 7. Bd3 Nxe4 8. Bxe4 Nf6 9. Bc2 Bb4+ 10. Bd2 Qa5 11. 0-0 Bxd2 12. Nxd2 0-0 13. Nf3 c5 14. Qe2 b6 15. Rfd1 Bb7 16. Ne5 Rad8 17. dxc5 Qxc5 18. a3 Qc7 19. b4 Rxd1+ 20. Rxd1 Rd8 21. f4 Kf8 22. Rxd8+ Qxd8 23. Qd3 Qxd3 24. Bxd3 Ne4 25. g3 f6 26. Ng4 Ke7 27. Kf1 h6 28. Ke2 Nd6 29. Ke3 Bc6 30. Kd4 Nb7 31. Ne3 a5 32. c5 axb4 33. axb4 bxc5+ 34. bxc5 Na5 35. Nc2 Bd5 36. Na1 g5 37. fxg5 hxg5 38. h4 gxh4 39. gxh4 Bf3 40. Be4 Bg4 41. Kc3 Kd7 42. Kb4 Nc6+ 43. Kb5 Kc7 44. Bg6 Be2+ 45. Ka4 Ne5 46. h5 f5 47. Kb4 Nd3+ 48. Kc4 Nf4+ 49. Kd4 Bxh5 50. Bxf5 1/2-1/2

[Event "Hessen-ch MT"]
[Site "Willingen"]
[Date "2001.04.10"]
[Round "7"]
[White "Mittendorf, Frank"]
[Black "Heck, Norbert"]
[Result "0-1"]
[WhiteElo "2139"]
[BlackElo "2296"]
[PlyCount "84"]
[EventDate "2001.04.05"]
[EventType "tourn"]
[EventRounds "11"]
[EventCountry "GER"]
[SourceTitle "EXT 2002"]
[Source "ChessBase"]
[SourceDate "2001.11.25"]
[SourceVersion "1"]
[SourceVersionDate "2001.11.25"]
[SourceQuality "1"]

1. e4 c5 2. Nf3 e6 3. d4 cxd4 4. Nxd4 Qb6 5. Nb3 Nc6 6. Be3 Qc7 7. Nc3 Nf6 8. Bd3 d6 9. h3 a6 10. a4 b6 11. Qe2 Be7 12. 0-0 Bb7 13. f4 0-0 14. Nd2 Nb4 15. Nc4 Nd7 16. a5 bxa5 17. Nxa5 Nc5 18. Nxb7 Ncxd3 19. cxd3 Qxb7 20. f5 Bf6 21. d4 Rac8 22. g4 Qe7 23. Qd2 h6 24. Ra4 Rb8 25. Re1 Rfc8 26. Re2 Rc4 27. b3 Rcc8 28. Ra1 Bg5 29. Rc1 Bxe3+ 30. Rxe3 Qg5 31. Nd1 a5 32. Rc4 d5 33. Rc5 Rxc5 34. dxc5 d4 35. Re2 e5 36. Nb2 Nc6 37. Qd3 h5 38. Rg2 hxg4 39. hxg4 Qe3+ 40. Qxe3 dxe3 41. Nc4 Rxb3 42. Ra2 Rc3 0-1

[Event "Hessen-ch MT"]
[Site "Willingen"]
[Date "2001.04.09"]
[Round "6"]
[White "Bender, Dirk"]
[Black "Mittendorf, Frank"]
[Result "0-1"]
[WhiteElo "2219"]
[BlackElo "2139"]
[PlyCount "76"]
[EventDate "2001.04.05"]
[EventType "tourn"]
[EventRounds "11"]
[EventCountry "GER"]
[SourceTitle "EXT 2002"]
[Source "ChessBase"]
[SourceDate "2001.11.25"]
[SourceVersion "1"]
[SourceVersionDate "2001.11.25"]
[SourceQuality "1"]

1. c4 c6 2. g3 g6 3. Bg2 Bg7 4. Nc3 Nf6 5. e3 0-0 6. Nge2 e5 7. 0-0 d6 8. e4 Bg4 9. h3 Be6 10. d3 a5 11. f4 Qc8 12. g4 exf4 13. Bxf4 Ne8 14. Qd2 Nd7 15. Bg5 f6 16. Be3 Ne5 17. Na4 Qc7 18. Bb6 Qe7 19. c5 Nd7 20. d4 Bc4 21. Rf2 dxc5 22. Bxc5 Nxc5 23. dxc5 Rd8 24. Qxa5 f5 25. Re1 Bxe2 26. Rfxe2 fxg4 27. e5 gxh3 28. Bxh3 Rd3 29. Bg2 Qg5 30. Qb4 Rg3 31. Qc4+ Kh8 32. Nc3 Qh5 33. Qe6 Nc7 34. Qe7 Nd5 35. Nxd5 cxd5 36. Qd6 Qf3 37. e6 Bd4+ 38. Re3 Qxg2# 0-1

[Event "Hessen-ch MT"]
[Site "Willingen"]
[Date "2001.04.08"]
[Round "5"]
[White "Mittendorf, Frank"]
[Black "Janoszka, Arnd"]
[Result "1/2-1/2"]
[WhiteElo "2139"]
[BlackElo "2261"]
[PlyCount "28"]
[EventDate "2001.04.05"]
[EventType "tourn"]
[EventRounds "11"]
[EventCountry "GER"]
[SourceTitle "EXT 2002"]
[Source "ChessBase"]
[SourceDate "2001.11.25"]
[SourceVersion "1"]
[SourceVersionDate "2001.11.25"]
[SourceQuality "1"]

1. d4 Nf6 2. c4 e6 3. g3 d5 4. Bg2 Be7 5. Nf3 0-0 6. Qc2 b6 7. 0-0 Bb7 8. cxd5 exd5 9. Bf4 c5 10. Nc3 Nc6 11. Rfd1 Rc8 12. dxc5 bxc5 13. Rac1 Qa5 14. Ne5 d4 1/2-1/2

[Event "Hessen-ch MT"]
[Site "Willingen"]
[Date "2001.04.07"]
[Round "4"]
[White "Chandler, Patrick"]
[Black "Mittendorf, Frank"]
[Result "1/2-1/2"]
[WhiteElo "2252"]
[BlackElo "2139"]
[PlyCount "181"]
[EventDate "2001.04.05"]
[EventType "tourn"]
[EventRounds "11"]
[EventCountry "GER"]
[SourceTitle "EXT 2002"]
[Source "ChessBase"]
[SourceDate "2001.11.25"]
[SourceVersion "1"]
[SourceVersionDate "2001.11.25"]
[SourceQuality "1"]

1. e4 c5 2. Nf3 e6 3. Nc3 a6 4. a4 Nc6 5. d4 cxd4 6. Nxd4 Nf6 7. Be2 Bb4 8. 0-0 Qc7 9. Nxc6 dxc6 10. Qd4 Bd6 11. h3 0-0 12. Qe3 b6 13. Rd1 Bc5 14. Qg5 e5 15. Rd3 Be6 16. Rg3 Ne8 17. Bg4 Be7 18. Qe3 Bxg4 19. hxg4 Rd8 20. Qe2 a5 21. Be3 Nd6 22. Rh3 f6 23. g3 Rf7 24. Kg2 g6 25. Rah1 Bf8 26. Nb1 Qb7 27. Nd2 b5 28. Bc5 Qd7 29. Nb3 Nc4 30. Bxf8 Rdxf8 31. Rd1 Qe7 32. axb5 cxb5 33. Rd5 Rb8 34. c3 a4 35. Nc5 Qe8 36. Rh1 Nb6 37. Rdd1 Qc6 38. Na6 Rc8 39. Nb4 Qc4 40. Qe3 Qc7 41. Nd5 Nxd5 42. Rxd5 Qc6 43. Rhd1 Kg7 44. g5 Qe8 45. gxf6+ Rxf6 46. Rd7+ Kg8 47. Qd3 Rf7 48. Qd5 Qxd7 49. Qxd7 Rxd7 50. Rxd7 Rc4 51. f3 b4 52. cxb4 Rxb4 53. Rd2 Kf7 54. g4 Kf6 55. Kg3 g5 56. Rd6+ Kf7 57. Ra6 Rxb2 58. Rxa4 Rb6 59. Ra7+ Kg6 60. Ra3 h6 61. Ra8 Re6 62. Rf8 Re7 63. Rf5 Re6 64. Kf2 Re7 65. Ke3 Re6 66. Kd3 h5 67. gxh5+ Kxh5 68. Ke3 Kh4 69. Kf2 g4 70. Rf8 gxf3 71. Kxf3 Kg5 72. Kg3 Re7 73. Rf5+ Kg6 74. Kg4 Re8 75. Rf1 Re6 76. Ra1 Rb6 77. Ra5 Kf6 78. Ra8 Kg6 79. Rd8 Ra6 80. Rg8+ Kf7 81. Rg5 Rg6 82. Kf5 Rxg5+ 83. Kxg5 Kg7 84. Kf5 Kf7 85. Kxe5 Ke7 86. Kf5 Kf7 87. e5 Ke7 88. e6 Ke8 89. Kf6 Kf8 90. e7+ Ke8 91. Ke6 1/2-1/2

[Event "Baunatal op 6th"]
[Site "Baunatal"]
[Date "2000.08.22"]
[Round "5"]
[White "Rohde, Torsten"]
[Black "Mittendorf, Frank"]
[Result "1/2-1/2"]
[WhiteElo "2031"]
[BlackElo "2183"]
[PlyCount "49"]
[EventDate "2000.08.18"]
[EventType "swiss"]
[EventRounds "7"]
[EventCountry "GER"]
[SourceTitle "EXT 2001"]
[Source "ChessBase"]
[SourceDate "2000.11.22"]
[SourceVersion "1"]
[SourceVersionDate "2000.11.22"]
[SourceQuality "1"]

1. e4 e6 2. d4 d5 3. Nd2 dxe4 4. Nxe4 Nf6 5. Nxf6+ gxf6 6. Bf4 Nd7 7. Nf3 Nb6 8. a3 Bd7 9. Bd3 Bc6 10. Qe2 Bd6 11. Bg3 Qd7 12. 0-0-0 0-0-0 13. Kb1 Nd5 14. Qd2 Ne7 15. Be2 Ng6 16. Qc1 h5 17. Bxd6 Qxd6 18. g3 h4 19. Rhe1 Bd5 20. Qe3 Qc6 21. Nd2 hxg3 22. hxg3 Qa4 23. c4 Bg2 24. Nb3 b6 25. Rc1 1/2-1/2